Modeling of metal forming and machining processes : (Record no. 11350)
[ view plain ]
| 000 -LEADER | |
|---|---|
| fixed length control field | 01362cam a22003617a 4500 |
| 001 - CONTROL NUMBER | |
| control field | 15252669 |
| 005 - DATE AND TIME OF LATEST TRANSACTION | |
| control field | 20160824145632.0 |
| 008 - FIXED-LENGTH DATA ELEMENTS--GENERAL INFORMATION | |
| fixed length control field | 080408s2008 enka b 001 0 eng |
| 010 ## - LIBRARY OF CONGRESS CONTROL NUMBER | |
| LC control number | 2008926767 |
| 015 ## - NATIONAL BIBLIOGRAPHY NUMBER | |
| National bibliography number | GBA820788 |
| Source | bnb |
| 016 7# - NATIONAL BIBLIOGRAPHIC AGENCY CONTROL NUMBER | |
| Record control number | 014525563 |
| Source | Uk |
| 020 ## - INTERNATIONAL STANDARD BOOK NUMBER | |
| International Standard Book Number | 9781848001886 (hbk. : alk. paper) |
| 035 ## - SYSTEM CONTROL NUMBER | |
| System control number | (OCoLC)ocn195735731 |
| 040 ## - CATALOGING SOURCE | |
| Original cataloging agency | UKM |
| Transcribing agency | UKM |
| Modifying agency | YDXCP |
| -- | BTCTA |
| -- | BAKER |
| -- | OHX |
| -- | BWKUK |
| -- | BWK |
| -- | DLC |
| 042 ## - AUTHENTICATION CODE | |
| Authentication code | lccopycat |
| 050 00 - LIBRARY OF CONGRESS CALL NUMBER | |
| Classification number | TS205 |
| Item number | .D59 2008 |
| 082 04 - DEWEY DECIMAL CLASSIFICATION NUMBER | |
| Classification number | 671.3015118 |
| Edition number | 22 |
| Item number | DIX |
| 100 1# - MAIN ENTRY--PERSONAL NAME | |
| Personal name | Dixit, Prakash Mahadeo. |
| 9 (RLIN) | 3929 |
| 245 10 - TITLE STATEMENT | |
| Title | Modeling of metal forming and machining processes : |
| Remainder of title | by finite element and soft computing methods / |
| Statement of responsibility, etc | Prakash M. Dixit, Uday S. Dixit. |
| 260 ## - PUBLICATION, DISTRIBUTION, ETC. (IMPRINT) | |
| Place of publication, distribution, etc | London : |
| Name of publisher, distributor, etc | Springer, |
| Date of publication, distribution, etc | c2008. |
| 300 ## - PHYSICAL DESCRIPTION | |
| Extent | xvi, 590 p. : |
| Other physical details | ill. ; |
| Dimensions | 25 cm. |
| 440 #0 - | |
| -- | Engineering materials and processes |
| -- | 3930 |
| 504 ## - BIBLIOGRAPHY, ETC. NOTE | |
| Bibliography, etc | Includes bibliographical references and index. |
| 650 #0 - SUBJECT ADDED ENTRY--TOPICAL TERM | |
| Topical term or geographic name as entry element | Metal-work |
| General subdivision | Mathematical models. |
| 9 (RLIN) | 3931 |
| 650 #0 - SUBJECT ADDED ENTRY--TOPICAL TERM | |
| Topical term or geographic name as entry element | Machining |
| General subdivision | Mathematical models. |
| 9 (RLIN) | 3932 |
| 650 #0 - SUBJECT ADDED ENTRY--TOPICAL TERM | |
| Topical term or geographic name as entry element | Finite element method. |
| 9 (RLIN) | 3934 |
| 650 #0 - SUBJECT ADDED ENTRY--TOPICAL TERM | |
| Topical term or geographic name as entry element | Soft computing. |
| 9 (RLIN) | 3935 |
| 650 #0 - SUBJECT ADDED ENTRY--TOPICAL TERM | |
| 9 (RLIN) | 3933 |
| Topical term or geographic name as entry element | Deformations (Mechanics) |
| General subdivision | Mathematical models |
| 700 1# - ADDED ENTRY--PERSONAL NAME | |
| Personal name | Dixit, Uday S. |
| 9 (RLIN) | 3936 |
| 942 ## - ADDED ENTRY ELEMENTS (KOHA) | |
| Source of classification or shelving scheme | Dewey Decimal Classification |
| Item type | Book - Borrowing |
| Withdrawn status | Item status | Source of classification or shelving scheme | Damaged status | Not for loan | Vendor | Home library | Current library | Shelving location | Date acquired | Source of acquisition | Cost, normal purchase price | Serial Enumeration / chronology | Total Checkouts | Full call number | Barcode | Date last seen | Date last borrowed | Koha item type |
|---|---|---|---|---|---|---|---|---|---|---|---|---|---|---|---|---|---|---|
| Dewey Decimal Classification | Alahram | Central Library | Central Library | First floor | 21/04/2009 | 799.00 | 362 | 1 | 671.3015118 DIX | 000015998 | 15/07/2025 | 23/09/2013 | Book - Borrowing |